000 00679nam a2200205Ii 4500
003 JO-AjNU
008 230605s9999||||xx |||||||||||||| ||und||
017 _a1972/5312
040 _aJO-AjNU
_bara
_erda
_cJO-AjNU
041 _aara
050 1 4 _aGF31 1972
100 3 _a تاليف كامل، عبد العزيز,
_eauthor
_917944
245 0 0 _aدراسات في الجغرافيا البشرية للسودان
264 3 1 _aالقاهرة: دار المعارف، 1972
300 _a140ص
336 _atext
_btxt
_2rdacontent
337 _aunmediated
_bn
_2rdamedia
338 _avolume
_bnc
_2rdacarrier
650 4 _aالسودان- الجغرافيا البشرية
_917945
999 _aA5647
_c9215
_d9215